Les vies des hommes illustres / (Record no. 162313)

MARC details
000 -LEADER
campo de control de longitud fija 01573nam a2200385 i 4500
001 - NÚMERO DE CONTROL
campo de control 162313
003 - IDENTIFICADOR DE NÚMERO DE CONTROL
campo de control ES-MaACL
005 - FECHA Y HORA DE LA ÚLTIMA TRANSACCIÓN
campo de control 20251013215434.0
008 - DATOS DE LONGITUD FIJA--INFORMACIÓN GENERAL
campo de control de longitud fija 041110s1802 fr acf |||| | fre d
040 ## - FUENTE DE CATALOGACIÓN
Centro catalogador/agencia de origen CAM
Lengua de catalogación spa
Centro/agencia transcriptor CAM
100 0# - ENTRADA PRINCIPAL--NOMBRE DE PERSONA
Nombre de persona Plutarco
9 (RLIN) 92678
245 14 - MENCIÓN DEL TÍTULO
Título Les vies des hommes illustres /
Mención de responsabilidad, etc. de Plutarque ; traduites du grec par Amyot... ; avec des notes et des observations par MM. Brotier et Vauvilliers ; tome sixième.
250 ## - MENCION DE EDICION
Mención de edición Nouvelle éd.
Resto de la mención de edición rev., corr. et augm. par E. Clavier.
260 ## - PUBLICACIÓN, DISTRIBUCIÓN, ETC.
Lugar de publicación, distribución, etc. A Paris :
Nombre del editor, distribuidor, etc. de l'imprimerie de Cussac...,
Fecha de publicación, distribución, etc. An X [1801, i.e. 1802]
300 ## - DESCRIPCIÓN FÍSICA
Extensión [4], 484 p. ;
Dimensiones 8º.
505 8# - NOTA DE CONTENIDO CON FORMATO
Nota de contenido con formato Contiene : Agesilas ; Pompeius ; Phocion ; Caton d'Utique
594 ## - Nota al título y mención de responsabilidad
Nota al título y mención de responsabilidad Tít. en antep.: Oeuvres de Plutarque.
595 ## -
-- Dato de ed. precede a mención de parte.
596 ## - NOTA AL PIE DE IMPRENTA
NOTA AL PIE DE IMPRENTA Marca tip. en port.
597 ## - NOTA DE DESCRIPCIÓN FÍSICA
NOTA DE DESCRIPCIÓN FÍSICA Sign.: []2, A-Z8, 2A-2G8, 2H2.
597 ## - NOTA DE DESCRIPCIÓN FÍSICA
NOTA DE DESCRIPCIÓN FÍSICA Antep.
599 ## - NOTA A LAS ILUSTRACIONES
NOTA A LAS ILUSTRACIONES La h. de grab. calc. alegórica : "Maréchal del., 1785, Levillain sculp."
599 ## - NOTA A LAS ILUSTRACIONES
NOTA A LAS ILUSTRACIONES Las il. xil. retratos.
600 04 - PUNTO DE ACCESO ADICIONAL DE MATERIA--NOMBRE DE PERSONA
Nombre de persona Agésilas-
Subdivisión general Biografías.
9 (RLIN) 125564
600 14 - PUNTO DE ACCESO ADICIONAL DE MATERIA--NOMBRE DE PERSONA
Nombre de persona Pompeyo Magno, Cneo.
9 (RLIN) 149933
600 04 - PUNTO DE ACCESO ADICIONAL DE MATERIA--NOMBRE DE PERSONA
Nombre de persona Foción (
Fechas asociadas al nombre m. 318 a.C)
9 (RLIN) 127100
600 17 - PUNTO DE ACCESO ADICIONAL DE MATERIA--NOMBRE DE PERSONA
Nombre de persona Catón, Marco Porcio,
Títulos y otros términos asociados al nombre Menor
Fuente del encabezamiento o término embne
9 (RLIN) 126399
700 1# - ENTRADA AGREGADA--NOMBRE PERSONAL
Nombre de persona Amyot, Jacques.
9 (RLIN) 125662
700 1# - ENTRADA AGREGADA--NOMBRE PERSONAL
Nombre de persona Brotier, Gabriel,
Fechas asociadas al nombre 1723-1789
9 (RLIN) 149971
700 1# - ENTRADA AGREGADA--NOMBRE PERSONAL
Nombre de persona Vauvilliers, Jean François.
9 (RLIN) 133574
700 1# - ENTRADA AGREGADA--NOMBRE PERSONAL
Nombre de persona Clavier, Etienne,
Fechas asociadas al nombre 1762-1817
9 (RLIN) 149972
740 01 - ENTRADA AGREGADA--TÍTULO RELACIONADO/ANALÍTICO NO CONTROLADO
Título relacionado o analítico no controlado Oeuvres de Plutarque.
852 ## - LOCALIZACIÓN
Ubicación ES-MaACL
Número de control de estantería G-9434
Nota libre -- Enc. pasta española
Holdings
Estatus retirado Estado de pérdida Estado de daño No para préstamo Colección Biblioteca de origen Biblioteca actual Ubicación en estantería Fecha de adquisición Fuente de adquisición Total de préstamos Signatura topográfica completa Código de barras Visto por última vez Precio de reemplazo Tipo de ítem Koha
        Libros del s. XIX Biblioteca del Ateneo de Madrid Biblioteca del Ateneo de Madrid Sala Pecera Planta 3 17/01/2008     G-9434 1170046 23/02/2023 23/02/2023 Libro impreso antiguo